000 00991nac a22003017a 4500
001 BR8501960
003 BR-BrBNA
005 20240105120304.0
008 230509b bl.|||m| |||| 00| 0 por d
040 _aBR-BrBNA
_bpor
_cBiblioteca Nacional de Agricultura
072 _aE13
090 _aE13 BR8501960
100 1 _aSouza, R.A. de
100 1 _aPinare, A.G.V.
100 1 _aFuentes, C.O.W.
100 1 _aFinshi, R.P.
110 1 _aCentro de Pesquisa Agropecuaria do Tropico Semi-Arido, Petrolina, PE (Brasil)
245 1 _aConsideracoes sobre credito agricola: o caso de Ouricuri, Pernambuco [Brasil]
260 3 _aPetrolina, PE (Brasil):
_c1985.
300 _a29 p.
490 _aDocumentos - Centro de Pesquisa Agropecuaria do Tropico Semi-Arido (Brazil)
_vno. 34
_xISSN 0100-9729
500 _a8 tables; 22 ref.
650 _aCREDITO RURAL
650 _aOURICURI
650 _aPERNAMBUCO
909 _a202312
_bLúcia Elande
_c55
_dLúcia Elande
942 _2AGRIS
_n0
_cMS
999 _c278689
_d278689